000 00517nam a2200181 a 4500
001 1769763991366
003 YourLibrary
005 20260131161945.0
008 260130s2009##################000#0#eng##
020 _a9780073363561
082 0 4 _a332
_bBOD
245 1 0 _aStudent Solutions Manual to Accompany Investments, Eighth Edition [by] Zvi Bodie, Alex Kane, Alan J. Marcus :
260 _c2009.
300 _a228 pages
650 0 _aInvestments.
942 _cENGLISH
040 _aYourLibrary
_beng
_cYourLibrary
999 _c609555
_d609555